000 00997nam a2200193 a 4500
008 131010s2007 ||||||||||||||||| || u
050 _aGOV.ZAM.H4(02)
110 _aGovernment of the Republic of Zambia. Ministry of Health
245 1 0 _aNational scale-up plan for prevention of mother-to-child transmission of HIV and paediatric HIV care services, 2007 - 2010
_cby Government of the Republic of Zambia, Ministry of Health [MOH]
260 _aLusaka:
_bGovernment of the Republic of Zambia, Ministry of Health
_c2007
300 _avi, 45p.: ill.
362 1 _a<p>2007 - 2010</p>
500 _aBibliography
650 _aHIV/AIDS--MOTHER-TO-CHILD TRANSMISSION--PREVENTION OF
650 _aHIV/AIDS--TREATMENT--ANTIRETROVIRAL THERAPY--ZAMBIA
650 _aPAEDIATRIC HIV CARE SERVICES
650 _aHIV/AIDS PREVENTION AND CARE--ZAMBIA
995 _aSPECIAL COLLECTIONS
_e1046
_FCBU-SCHOOL OF MEDICINE LIBRARY (Ndola)
_jGOV.ZAM.H4(02)2007/1
_M1
_UAVAILABLE
_WOct 18, 2013
_yB1046
_ZZambiana Collection
999 _c32139
_d32139